| 000 | 03404nam a22004217a 4500 | ||
|---|---|---|---|
| 005 | 2010070107087.0 | ||
| 008 | 100701t xxu||||| |||| 00| 0 hin d | ||
| 010 | _aHIN-89591-597 | ||
| 020 | _c7000.00 (सात खण्डों का मूल्य) | ||
| 020 |
_a9788181439024 _c7000.00 (सात खण्डों का मूल्य) |
||
| 020 |
_a9788181439031 _c7000.00 (सात खण्डों का मूल्य) |
||
| 020 |
_a9788181439048 _c7000.00 (सात खण्डों का मूल्य) |
||
| 020 |
_a9788181439055 _c7000.00 (सात खण्डों का मूल्य) |
||
| 020 |
_a9789350001479 _c7000.00 (सात खण्डों का मूल्य) |
||
| 020 |
_a9789350001509 _c7000.00 (सात खण्डों का मूल्य) |
||
| 035 | _aHN-61937-943 | ||
| 037 | _bDBAD / PUB | ||
| 040 |
_aDPL _bHN |
||
| 082 | _a820 | ||
| 245 |
_aअवधी ग्रन्थावली / _cजगदीश पीयूष द्वारा संपादित |
||
| 246 |
_aAwadhi Granthawali/ _bed. by Jagdish Peeyush |
||
| 250 | _a2रा संस्क | ||
| 260 |
_aनई दिल्ली _bवाणी प्रकाशन _c2010 |
||
| 270 |
_a4695, 21-ए, दरियागंज _bनई दिल्ली _e110002 |
||
| 300 |
_a7भाग (436पृ;366पृ;414पृ ;579पृ;430पृ;536पृ;403पृ ) _c22सेमी (सजिल्द) |
||
| 500 | _aसमान ISBN 9788181439000 शीर्षक बहुत कुछ जैसा कुछ नहीं | ||
| 505 | _aखण्ड-1-(लोक साहित्य खण्ड);खण्ड-2(लोक गाथा खण्ड); खण्ड-3(प्राचीन साहित्य खण्ड);खण्ड-4(आधुनिक साहित्य खण्ड);खण्ड-5(लोक कथा/गद्य खण्ड); खण्ड-6(शब्दकोश) ; खण्ड-7(लोकोक्ति खण्ड) | ||
| 650 |
_aअवधी साहित्य _919771 |
||
| 700 |
_aजगदीश पीयूष _919772 |
||
| 942 |
_2ddc _cHN _mअवघी |
||
| 999 |
_c36785 _d36785 |
||